00375nam a22001457a 4500003000400000005001700004008004100021020001800062040002100080245004000101250001400141260004400155300000800199650002200207OSt20230317123317.0230317b |||||||| |||| 00| 0 eng d a9780199543038 cChuka University aMoney Laundering Law and Regulation aPractical aNew YorkbOxford University Pressc2011 a484 2A Practical Guide